i Queremos la paz ! Documentos de organizaciones y grupos cristianos sobre la paz en Centroamérica
Na minha lista:
| Autor principal: | |
|---|---|
| Formato: | Desconhecido |
| Publicado em: |
San José:
DEI
|
| Assuntos: | |
| Tags: |
Adicionar Tag
Sem tags, seja o primeiro a adicionar uma tag!
|
MARC
| LEADER | 00000 a2200000 04500 | ||
|---|---|---|---|
| 001 | 14677 | ||
| 003 | |||
| 008 | 991231s d | ||
| 040 | |||
| 020 | |a 9977-904-04-9 | ||
| 022 | |a 9977-904-04-9 | ||
| 090 | |a 017601 | ||
| 100 | |a Meléndez, Guillermo | ||
| 245 | |a i Queremos la paz ! Documentos de organizaciones y grupos cristianos sobre la paz en Centroamérica | ||
| 260 | |a San José: |b DEI | ||
| 300 | |a 150 p | ||
| 650 | |a POLITICA EXTERIOR | ||
| 999 | |c 15388 |d 15388 | ||



